[Event "Almansa U2000 op 7th"]
[Site "Almansa"]
[Date "2012.08.07"]
[Round "1"]
[White "Pomares Mateo, Alba"]
[Black "Diaz Nieto, Alberto"]
[Result "1/2-1/2"]
[WhiteElo "1691"]
[BlackElo "1973"]
[PlyCount "80"]
[EventDate "2012.08.07"]
[EventType "swiss"]
[EventRounds "9"]
[EventCountry "ESP"]
[SourceTitle "EXT 2024"]
[Source "ChessBase"]
[SourceDate "2023.10.10"]
[SourceVersion "1"]
[SourceVersionDate "2023.10.10"]
[SourceQuality "1"]

1. d4 d5 2. c4 e5 3. dxe5 d4 4. e3 Bb4+ 5. Bd2 dxe3 6. Qa4+ Bd7 7. Qxb4 Nc6 8. Qc3 exd2+ 9. Nxd2 Qe7 10. Ngf3 0-0-0 11. Be2 f6 12. exf6 Nxf6 13. 0-0 Rhe8 14. Rfe1 Bg4 15. Bd3 Qd6 16. Be4 Nxe4 17. Nxe4 Qg6 18. Ned2 Rxe1+ 19. Rxe1 Rd3 20. Qc2 Bxf3 21. Nxf3 Qd6 22. a3 h6 23. h3 g5 24. Qe2 b6 25. Qe6+ Kb7 26. Qxd6 Rxd6 27. Kh2 Na5 28. Rc1 Re6 29. b4 Nc6 30. Rc3 Ne7 31. g4 Ng6 32. Nd4 Rd6 33. Nf5 Rd2 34. Rf3 Ne5 35. Re3 Nxc4 36. Rc3 Nd6 37. Nxh6 Rxf2+ 38. Kg1 Rf6 39. Ng8 Rf7 40. Nh6 Rf8 1/2-1/2